000 00651nam a22001937a 4500
003 OSt
008 260623b |||||||| |||| 00| 0 eng d
020 _a9789394023178
082 _a635.65042
_bS13B
100 _aSaidaiah, Pidigam
245 _aBreeding Of Leguminous Vegetable Crops/by Pidigam Saidaiah, B Neeraja Prabhakar
260 _aNew Delhi:
_b International Books & Periodicals Supply Service,
_c2023.
300 _aviii, 271 p.
650 _aTechnology (Applied Sciences)
650 _aAgriculture and related technologies
650 _aGarden crops (Horticulture) / Vegetables
700 _a Prabhakar, B Neeraja
942 _2ddc
_cBK
999 _c52246
_d52246